000 00693nam a2200301Ia 4500
005 20260401122258.0
008 008 250103s9999 xx 000 0 eng d
020 _a192837702
037 _aTB
040 _aEDL
040 _beng
040 _cEDL
041 _2eng
041 _aeng
084 _a700.92 MIC
084 _qEDL
100 _aMichelangelo, Buonarroti
_91233109
245 0 _aMichelangelo: Life, Letters, and Poetry
245 0 _cMichelangelo, Buonarroti
260 _aOxford
260 _bOxford University Press
260 _c1999
300 _a182p
942 _cTB
942 _h700.92 MIC
999 _c1846172
_d1846172